000 00605nam a2200229Ia 4500
005 20250425162029.0
008 250425s9999 xx 000 0 und d
020 _a0132339749
041 _aeng
082 _a624.18341
100 _aMACGREGOR, JAMES G.
245 0 _aREINFORCED CONCRETE: MECHANICS AND DESIGN
250 _a3TH ED.
260 _aEstados Unidos
_bPRENTICE HALL
_c1997
260 _aUPPER SADDLE RIVER
300 _a939
650 _aCONSTRUCCIONES DE CONCRETO REFORZADO
650 _aHORMIGON REFORZADO
650 _aINGENIERIA ESTRUCTURAL
942 _c01
010 _a41350
999 _c220976
_d220976